Loading...
| Fine Arts - Classical Music | 0 | 6 | 1 | 1 | 55 | 124 | 134.83 | 0 | 0 |
| Religion | 0 | 6 | 1 | 1 | 55 | 63 | 105.00 | 1 | 2 |
| Literature - European Literature | 0 | 6 | 1 | 1 | 55 | 116 | 131.50 | 0 | 0 |
| History - European History | 0 | 6 | 2 | 1 | 50 | 80 | 111.50 | 0 | 0 |
| History - World History | 0 | 4 | 0 | 2 | 40 | 98 | 120.50 | 0 | 0 |
| Philosophy | 0 | 5 | 2 | 0 | 40 | 92 | 110.60 | 0 | 0 |
| Social Science | 0 | 5 | 2 | 0 | 40 | 41 | 97.20 | 1 | 1 |
| Science - Physics | 0 | 4 | 0 | 2 | 40 | 117 | 129.75 | 0 | 0 |
| Science - Other Science | 0 | 4 | 0 | 2 | 40 | 117 | 124.25 | 0 | 0 |
| Fine Arts - Other Fine Arts | 0 | 4 | 1 | 1 | 35 | 102 | 117.50 | 0 | 0 |
| Literature - British Literature | 0 | 3 | 0 | 1 | 30 | 60 | 101.67 | 0 | 1 |
| Mythology | 0 | 3 | 1 | 0 | 25 | 115 | 126.33 | 0 | 0 |
| Any History | 0 | 3 | 2 | 0 | 20 | 47 | 96.00 | 0 | 1 |
| History - American History | 0 | 3 | 2 | 0 | 20 | 74 | 89.67 | 0 | 1 |
| Science - Biology | 0 | 2 | 1 | 0 | 15 | 76 | 82.50 | 0 | 0 |
| Painting & Sculpture | 0 | 2 | 1 | 1 | 15 | 85 | 114.50 | 0 | 0 |
| Literature - World Literature | 0 | 2 | 1 | 0 | 15 | 75 | 98.00 | 0 | 1 |
| Literature - American Literature | 0 | 1 | 0 | 0 | 10 | 119 | 119.00 | 0 | 0 |
| Other Academic | 0 | 2 | 2 | 0 | 10 | 94 | 99.50 | 1 | 1 |
| Science - Chemistry | 0 | 0 | 1 | 0 | -5 | 0.00 | 0 | 0 | |
| Geography | 0 | 0 | 2 | 0 | -10 | 0.00 | 0 | 0 |